000 00741nam a2200241 4500
003 OSt
005 20260601193849.0
008 260507b1976 sp ||||| |||| 00| 0 spa d
040 _aICI
_bspa
_cICI
041 _aspa
050 _aTS253
_bL663 1970
100 1 _aLópez Navarro, Tomás,
_dautor
_931938
245 1 _aTroquelado t estampación :
_bCon aplicaciones al punzonado, doblado, embutición y extrusión /
_cTomas López Navarro
250 _a5 # ampliada
264 _aBarcelona
_bGustavo Gili,
_c1970
300 _a420 páginas :
_bilustraciones
336 _atexto
_2rdacontent
337 _asin medio
_2rdamedia
338 _avolumen
_2rdacarrier
650 4 _aMetalurgia
650 4 _aTroqueles
_931940
942 _2lcc
_cB
_n1
999 _c21771
_d21771